'90s Sitcoms Quiz Stats

 Plays Quiz Updated Feb 3, 2016

Also try: '80s Sitcoms
Challenge
Share
Tweet
Score 0/30 Timer 06:00
0 Plays Today
sitcom % Correct
Friends
98.1%
The Simpsons
93.4%
The Fresh Prince of Bel-Air
89.6%
Seinfeld
87.4%
Full House
87.1%
Saved by the Bell
81.6%
The Drew Carey Show
77.2%
Married... with Children
77%
3rd Rock from the Sun
76.7%
Frasier
76.5%
Cosby
72.3%
Home Improvement
71.4%
Dharma & Greg
70.1%
Family Matters
69.5%
The Nanny
68.9%
sitcom % Correct
Mad About You
60.4%
Coach
57.4%
Sabrina the Teenage Witch
55.6%
Boy Meets World
54.4%
Spin City
49.6%
Blossom
48.1%
Just Shoot Me
43.8%
Wings
40.8%
Major Dad
39.9%
NewsRadio
34.1%
Caroline in the City
32.3%
The Larry Sanders Show
29.8%
Empty Nest
25.2%
The Jamie Foxx Show
25.1%
A Different World
22.7%

You're not logged in!

Compare scores with friends on all Sporcle quizzes.
Join for Free
OR
Log In

You Might Also Like...

Show Comments

Extras

Top Quizzes Today


Score Distribution

Your Account Isn't Verified!

In order to create a playlist on Sporcle, you need to verify the email address you used during registration. Go to your Sporcle Settings to finish the process.

Report this User

Report this user for behavior that violates our Community Guidelines.

Details: